Normal view
MARC view
Entry Personal Name
001 - CONTROL NUMBER
- control field: 73990
003 - CONTROL NUMBER IDENTIFIER
- control field: dpl
005 - DATE AND TIME OF LATEST TRANSACTION
- control field: 20241119111658.0
008 - FIXED-LENGTH DATA ELEMENTS
- fixed length control field: 241119|| aca||aabn | a|a d
040 ## - CATALOGING SOURCE
- Original cataloging agency: dpl
- Transcribing agency: dpl
100 ## - HEADING--PERSONAL NAME
- Personal name: Department of Homeland Security
670 ## - SOURCE DATA FOUND
- Source citation: Work cat.: (dpl)206639: Department of Homeland Security, Tribal Resource Guide, 2020
